| 000 | 01396cam a22003254a 4500 | ||
|---|---|---|---|
| 999 |
_c23958 _d23958 |
||
| 001 | 14260806 | ||
| 005 | 20170127123253.0 | ||
| 008 | 060210s2006 maua b 001 0 eng | ||
| 010 | _a 2006272616 | ||
| 020 | _a0205420435 | ||
| 042 | _apcc | ||
| 050 | 0 | 0 | _aPN1009 .A1C5118 2006 |
| 100 | 1 |
_aTemple, Charles A., _d1947- |
|
| 245 | 1 | 0 |
_aChildren's books in children's hands : _ban introduction to their literature / _cCharles Temple, Mariam Martinez, Junko Yokota ; with contributions by Evelyn B. Freeman. |
| 250 | _a3rd ed. | ||
| 260 |
_aBoston : _bPearson Allyn and Bacon, _cc2006. |
||
| 300 |
_axxv, 630 p. : _bcol. ill. ; _c29 cm. + _e1 CD-ROM (4 3/4 in.) |
||
| 500 | _a"Instructor's copy"--Cover. | ||
| 504 | _aIncludes bibliographical references and index. | ||
| 538 | _aSystem requirements for accompanying CD-ROM: Windows 98/XP/ME/NT/2000 or Macintosh OSX 10.1/10.2/10.3. | ||
| 650 | 0 |
_aChildren's literature _xHistory and criticism. |
|
| 650 | 0 |
_aChildren _xBooks and reading. |
|
| 700 | 1 | _aMartinez, Mariam. | |
| 700 | 1 | _aYokota, Junko. | |
| 700 | 1 |
_aFreeman, Evelyn B. _q(Evelyn Blossom), _d1948- |
|
| 942 |
_2lcc _cBOOKS |
||